000 00427nam a2200169Ia 4500
008 230524s9999 xx 000 0 und d
020 _a9789380856049
082 _a551.48
_bRED
100 _aP.Jaya Rami Reddy
_941494
245 2 _aA TextBook Of Hydrology
250 _a3
260 _aNew Delhi
_bUniversity science Press
_c2012
300 _a"ix,509p;"
500 _aQuantity Number: 1
650 _aCivil
942 _cBK
999 _c55762
_d55762